ბათუმის შოთა რუსთაველის სახელმწიფო უნივერსიტეტის ბიბლიოთეკა

Naxcivan muxtar respublikasi (ბიბ.ჩანაწერი № 36443)

000 -LEADER
fixed length control field 00545nam a2200193Ia 4500
001 - CONTROL NUMBER
control field 2358
003 - CONTROL NUMBER IDENTIFIER
control field GE_BSU
005 - DATE AND TIME OF LATEST TRANSACTION
control field 20221025120249.0
008 - FIXED-LENGTH DATA ELEMENTS--GENERAL INFORMATION
fixed length control field 181216s||||||||xx |||||||||||||| ||und||
040 ## - CATALOGING SOURCE
Transcribing agency GE_BSU
080 ## - UNIVERSAL DECIMAL CLASSIFICATION NUMBER
Universal Decimal Classification number 94(479.24)
245 ## - TITLE STATEMENT
Title Naxcivan muxtar respublikasi
245 ## - TITLE STATEMENT
Remainder of title Naxcivan automous republik.
300 ## - PHYSICAL DESCRIPTION
Extent 256c. илл.
653 ## - INDEX TERM--UNCONTROLLED
Uncontrolled term Naxcivan muxtar respublikasi
653 ## - INDEX TERM--UNCONTROLLED
Uncontrolled term ნახჭევანის ავტონომიური რესპუბლიკა
942 ## - ADDED ENTRY ELEMENTS (KOHA)
Koha item type წიგნი
Source of classification or shelving scheme
ეგზემპლარები
Withdrawn status Lost status Source of classification or shelving scheme Damaged status Not for loan Permanent Location Current Location Shelving location Date acquired Cost, normal purchase price Full call number Barcode Date last seen Copy number Price effective from Koha item type Public note
          ბათუმის შოთა რუსთაველის სახელმწიფო უნივერსიტეტის მთავარი ბიბლიოთეკა ბათუმის შოთა რუსთაველის სახელმწიფო უნივერსიტეტის მთავარი ბიბლიოთეკა წიგნსაცავი 2018-12-17 10.00 94(479.24) N-32 4523 2018-12-17 4523 2018-12-17 წიგნი 10.00